| 000 | 00313nam a22001217a 4500 | ||
|---|---|---|---|
| 999 |
_c14853 _d14853 |
||
| 020 | _a9788120328679 | ||
| 082 |
_a338.10973 _bMOH/FU |
||
| 100 |
_aMohanty, Sangram Keshari _92086 |
||
| 245 | _aFundamentals of entrepreneurship | ||
| 260 |
_aDelhi _bPHI Learnign private limited _c2017 |
||
| 300 | _a187p | ||
| 942 | _cBK | ||